MARC

LEADER 00000nas a2200000 a 4500
001 ssj0014590
003 WaSeSS
005 20200512172242.0
006 m d
007 cr n
008 971023c19949999maumr pss 0 a0eng c
010 |a sn 97005044  
016 7 |a 2001966-X  |2 DE-600 
022 |a 1097-4180  |l 1074-7613  |y 1074-7613 
030 |a IUNIEH 
035 |a (WaSeSS)ssj0014590 
040 |a DLM  |b eng  |c DLM  |d NSD  |d OCL  |d MXC  |d OCLCQ  |d MUQ  |d OCLCQ  |d CUS  |d OCLCQ  |d OCL  |d OCLCS  |d OCLCQ  |d AGL  |d DLC  |d OCLCQ  |d OCLCF  |d OCLCQ  |d DEFHM  |d OCLCO  |d OCLCA  |d MTG  |d Z5A  |d OCLCO  |d OCLCA  |d BUF  |d AU@  |d OCLCO  |d WYU  |d CGU  |d OCLCA  |d LVT  |d UAB  |d WaSeSS 
042 |a nsdp  |a pcc 
050 4 |a QR180 
060 0 |a W1  |b IM4723 
060 0 0 |a W1  |b IM4723 
070 0 |a QR180  |b .I49 
072 0 |a V820 
072 0 |a X380 
082 1 0 |a 572  |2 13 
130 0 |a Immunity (Cambridge, Mass. : Online) 
210 0 |a Immunity  |b (Cambridge Mass., Online) 
222 0 |a Immunity  |b (Cambridge, Mass. Online) 
245 1 0 |a Immunity  |h [electronic resource]. 
260 |a Cambridge, Mass. :  |b Cell Press 
310 |a Monthly 
362 0 |a Vol. 1, no. 1 (Apr. 1994)- 
506 |a License restrictions may limit access. 
538 |a Mode of access: World Wide Web. 
588 |a Description based on: Sept. 1997; title from title screen. 
650 0 |a Immunity  |v Periodicals. 
650 6 |a Immunité  |v Périodiques. 
650 6 |a Maladies immunologiques  |v Périodiques. 
650 6 |a Allergie  |v Périodiques. 
650 7 |a Immunity.  |2 fast  |0 (OCoLC)fst00967888 
650 7 |a Immunologie  |2 gnd 
650 7 |a Zeitschrift  |2 gnd 
650 2 |a Allergy and Immunology  |v Periodicals. 
650 2 |a Immunity  |v Periodicals. 
650 1 7 |a Immunologie.  |2 gtt 
655 0 |a Electronic journals. 
776 0 8 |i Print version:  |t Immunity (Cambridge, Mass.)  |x 1074-7613  |w (DLC) 94648455  |w (OCoLC)29819797 
856 4 0 |z Full text available from Research Library: 01/01/2002 to 2 months ago  |u https://search.proquest.com/publication/2031079